| 000 | 00799nam a2200313 a 4500 | ||
|---|---|---|---|
| 003 | AR-BaBNM | ||
| 005 | 20251128205913.0 | ||
| 008 | 082120s2002 ||||||||||||||000 | spa|| | ||
| 020 | _a950-569-069-X | ||
| 040 | _cAR-BaBNM | ||
| 100 | 1 | _aSimone, Osvaldo Blas | |
| 245 | 0 | 0 | _aCompendio de derecho de la navegación |
| 250 | _a2ª ed. act. y aum. | ||
| 260 |
_aBuenos Aires _bAbaco de Rodolfo Depalma _c1996 |
||
| 300 | _a637 p. | ||
| 504 | _aBibliografía p. 627-637 | ||
| 650 | 4 | _aDERECHO CIVIL | |
| 650 | 4 | _aDERECHO MARITIMO | |
| 650 | 4 | _aHISTORIA | |
| 650 | 4 | _aANTIGUEDAD | |
| 650 | 4 | _aEDAD MEDIA | |
| 650 | 4 | _aNAVEGACION MARITIMA | |
| 650 | 4 | _aTRANSPORTE MARITIMO | |
| 650 | 4 | _aLEGISLACION | |
| 650 | 4 | _aCONTRATOS | |
| 650 | 4 | _aBUQUES | |
| 942 | _cBK | ||
| 998 | _cCarmen | ||
| 999 |
_c13222 _d13222 |
||